Instrucción á que deberán atenerse las personas que deseen tomar parte en la Exposición General de los Productos de la Tierra y de las Indústrias Agrícolas, promovida por el Instituto Agrícola Catalán de San Isidro, que tendrá lugar en la ciudad de Barcelona en Septiembre y Octubre del corriente año
Descripción Física:
7 p. ; 25 cm
Materias:
Agricultura -- Exposicions
MARC
| LEADER | 00000nam a2200000Ia 4500 | ||
|---|---|---|---|
| 001 | 22865 | ||
| 008 | 160829s1872 xx 000 0 cat d | ||
| 080 | |a 1945, exp. 521 | ||
| 245 | |a Instrucción á que deberán atenerse las personas que deseen tomar parte en la Exposición General de los Productos de la Tierra y de las Indústrias Agrícolas, promovida por el Instituto Agrícola Catalán de San Isidro, que tendrá lugar en la ciudad de Barcelona en Septiembre y Octubre del corriente año | ||
| 260 | |a Barcelona : |b Imp. del Diario de Barcelona, |c 1872 | ||
| 300 | |a 7 p. ; |c 25 cm | ||
| 650 | |a Agricultura |x Exposicions |9 47998 | ||
| 710 | 2 | |a Institut Agrícola Català de Sant Isidre |9 53078 | |
| 901 | |a Arxiu | ||
| 942 | |n 1 | ||
| 952 | |0 0 |1 0 |4 0 |6 1945_EXP_521 |7 1 |9 54527 |a Arxiu |b Arxiu |d 2016-12-01 |l 0 |o 1945, exp. 521 |p 22865 |r 2016-12-01 00:00:00 |w 2016-12-01 |y ARXIU | ||
| 999 | |c 58396 |d 58396 | ||